书目信息 |
| 题名: |
弗洛伊德
|
|
| 作者: | 何仲生 , 余凤高 编著 | |
| 分册: | ||
| 出版信息: | 沈阳 辽海出版社 1999.4 |
|
| 页数: | 288页 | |
| 开本: | 20cm | |
| 丛书名: | 现代十大思想家自述丛书 | |
| 单 册: | ||
| 中图分类: | B521 | |
| 科图分类: | ||
| 主题词: | 弗洛伊德--评传 | |
| 电子资源: | ||
| ISBN: | 7-80638-969-5 | |
| 000 | 00884nam2 2200265 45 | |
| 001 | 0199061921 | |
| 005 | 20061220090905.07 | |
| 010 | @a7-80638-969-5@dCNY38.00 | |
| 100 | @a20060529d1999 em y0chiy0121 ea | |
| 101 | 0 | @achi |
| 102 | @aCN@b210000 | |
| 105 | @ay z 000zd | |
| 200 | 1 | @a弗洛伊德@AFu Luo Yi De@e文明的代价@EWen Ming De Dai Jia@f何仲生,余凤高编著@FHe Zhong Sheng, Yu Feng Gao Bian Zhu |
| 210 | @a沈阳@c辽海出版社@d1999.4@h2006重印 | |
| 215 | @a288页@d20cm | |
| 225 | 2 | @a现代十大思想家自述丛书@f高清海,李家巍主编 |
| 410 | 0 | @12001 @a现代十大思想家自述丛书 |
| 510 | 1 | @aSigmund Freud@ePrice for civilization@zeng |
| 517 | 1 | @a文明的代价@AWen Ming De Dai Jia |
| 606 | @a弗洛伊德@y评传 | |
| 690 | @aB521@v4 | |
| 701 | 0 | @a何仲生@AHe Zhong Sheng@4编著 |
| 701 | 0 | @a余凤高@AYu Feng Gao@4编著 |
| 801 | 0 | @aCN@b中图数据@c20061220 |
| 905 | @a10447@dB521@e17 | |
| 弗洛伊德:文明的代价/何仲生,余凤高编著.-沈阳:辽海出版社,1999.4(2006重印) |
| 288页;20cm.-(现代十大思想家自述丛书/高清海,李家巍主编) |
| ISBN 7-80638-969-5:CNY38.00 |
| ● |
| 相关链接 |
|
|
|
|
正题名:弗洛伊德
索取号:B521/17
 
预约/预借
| 序号 | 登录号 | 条形码 | 馆藏地/架位号 | 状态 | 备注 |
| 1 | 0620033 | 206200332 | 第一样本阅览室/ [索取号:B521/17] | 在馆 | |
| 2 | 0620034 | 206200341 | 第一借阅区/ [索取号:B521/17] | 在馆 | |
| 3 | 0620035 | 206200350 | 第一借阅区/ [索取号:B521/17] | 在馆 | |
| 4 | 0620036 | 206200369 | 第一借阅区/ [索取号:B521/17] | 在馆 | |
| 5 | 0620037 | 206200378 | 第一借阅区/ [索取号:B521/17] | 在馆 | |
| 6 | 0620038 | 206200387 | 第一借阅区/ [索取号:B521/17] | 在馆 |